000 00609nam a2200181 a 4500
005 20140412111325.0
008 000818s19uu xx 00 eng d
020 _a1-58089-007-5
050 _aTR(PS E
_bHe34 1997
100 _aEagle, Kin
245 _aHey, diddle diddle /
_cKin Eagle ; illustrated by Roby Gilbert.
260 _aDallas, TX :
_bWhispering Coyote Press,
_c1997.
300 _a1 v. (unp.) ; ill.
520 _aThis nonsense tale continues the story of the traditional rhyme in which the cow jumps over the moon.
650 _aCows-Fiction
650 _aStories in rhyme
999 _c104555
_d104555